Header
Vista normal Vista MARC
  • Botana, Natalio Rafael,

Entrada Nombre personal

Número de registros utilizados en: 18

001 - NÚMERO DE CONTROL

  • campo de control: 6857

003 - IDENTIFICADOR DEL NÚMERO DE CONTROL

  • campo de control: AR-BaAGN

005 - FECHA Y HORA DE LA ÚLTIMA TRANSACCIÓN

  • campo de control: 20250108143313.0

008 - ELEMENTOS DE DATO DE LONGITUD-FIJA

  • campo de control de longitud fija: 231130|| aca||aabn | a|a d

024 7# - IDENTIFICADOR DE OTROS ESTÁNDARES

  • Número estándar o código: 69012966
  • Fuente: viaf
  • URI de un objeto del mundo real: http://viaf.org/viaf/69012966

040 ## - FUENTE DE CATALOGACIÓN

  • Centro catalogador/agencia de origen: AR-BaBN
  • Lengua de catalogación: spa
  • Normas de descripción: aacr
  • Centro/agencia modificador: AR-BaAGN

100 1# - ENCABEZAMIENTO-NOMBRE DE PERSONA

  • Nombre de persona: Botana, Natalio Rafael,
  • Fechas asociadas al nombre: 1937-

370 ## - LUGAR ASOCIADO

  • Lugar de nacimiento: Buenos Aires

374 ## - OCUPACIÓN

  • Ocupación: Politólogos

374 ## - OCUPACIÓN

  • Ocupación: Historiadores

374 ## - OCUPACIÓN

  • Ocupación: Periodistas

670 ## - FUENTE DE DATOS ENCONTRADOS

  • Cita de la fuente: La tradición republicana, 1984:
  • Información encontrada: port. (Natalio R. Botana)

670 ## - FUENTE DE DATOS ENCONTRADOS

  • Cita de la fuente: WWW Academia Nacional de Ciencias Morales y Políticas.org.ar, 25 jun. 2016:
  • Información encontrada: (Natalio R. Botana, n. 02 abr. 1937, Buenos Aires; Doctor en Ciencias Políticas y Sociales por la Univ. de Lovaina; profesor Universidad Torcuato Di Tella (Buenos Aires); miembro de la Acad. Nac. de Ciencias Morales y Políticas (Argentina), de la Acad. Nac. de la Historia (Argentina), de la Real Acad. de Ciencias Morales y Políticas (España) y de la Real Acad. de la Historia (España); colaborador del diario La Nación de Bs. As.)
  • Identificador Uniforme de Recursos: http://www.ancmyp.org.ar/muestraobjeto.asp?id=107&descrip=NATALIO%20R.%20BOTANA&rubro=385&tipo=

Contacto

Dirección: Av. Leandro Alem 246, 3er piso (CABA).
Código postal: C1003AAP
Teléfono: 2206-0013
Correo electrónico: comunicacionagn@mininterior.gob.ar
Sitio Web: www.argentina.gob.ar/interior/archivo-general-de-la-nacion

AGN en las redes sociales

Facebook  /  Twitter  /  Instagram